000
00287nam a2200109Ia 4500
008
190911s9999||||xx |||||||||||||| ||und||
100
_a
Javed Jeelani
245
0
_a
Indian Muslims through Thirteen Decades 1857 to 1987
260
_a
Karachi
_b
Royal Book
_c
1992
300
_a
150
942
_c
BK
999
_c
6919
_d
6919